Sports Quiz

Random Sports or Football Quiz
Score 0/81 Timer 16:00
0 Plays Today
Team % Correct
Alabama Crimson Tide
92.1%
Alabama Crimson Tide
90.6%
Auburn Tigers
90.6%
Louisiana State Tigers
89.5%
Florida Gators
89%
Louisiana State Tigers
89%
Auburn Tigers
88.6%
Florida Gators
88.5%
Louisiana State Tigers
85.9%
Tennessee Volunteers
84.8%
Auburn Tigers
84.8%
Georgia Bulldogs
84.3%
Florida Gators
83.8%
Florida Gators
83.8%
Alabama Crimson Tide
83.2%
Tennessee Volunteers
83.2%
Florida Gators
82.7%
Florida Gators
82.7%
Florida Gators
82.7%
Alabama Crimson Tide
82.2%
Louisiana State Tigers
82.2%
Alabama Crimson Tide
81.7%
Georgia Bulldogs
80.6%
Alabama Crimson Tide and Tulane Green Wave
80.1%
Tennessee Volunteers
79.6%
Florida Gators
79.1%
Alabama Crimson Tide-Auburn Tigers-Tennessee Volunteers
78.5%
Team % Correct
Alabama Crimson Tide and Georgia Bulldogs
77.5%
Georgia Bulldogs
75.4%
Georgia Bulldogs
75.4%
Alabama Crimson Tide
74.9%
Alabama Crimson Tide and Georgia Bulldogs
74.9%
Alabama Crimson Tide
74.9%
Alabama Crimson Tide
74.9%
Alabama Crimson Tide and Louisiana State Tigers
74.3%
Auburn Tigers and Louisiana State Tigers
74.3%
Alabama Crimson Tide
73.8%
Alabama Crimson Tide
73.8%
Alabama Crimson Tide
73.3%
Alabama Crimson Tide
73.3%
Alabama Crimson Tide
73.3%
Georgia Bulldogs and Kentucky Wildcats
73.3%
Auburn Tigers
73.3%
Florida Gators
73.3%
Auburn Tigers
73.3%
Alabama Crimson Tide
72.8%
Alabama Crimson Tide
72.3%
Tennessee Volunteers
72.3%
Mississippi Rebels
71.2%
Mississippi Rebels
71.2%
Georgia Bulldogs
71.2%
Louisiana State Tigers
71.2%
Mississippi Rebels
70.2%
Tennessee Volunteers
70.2%
Team % Correct
Tennessee Volunteers
69.1%
Louisiana State Tigers
68.6%
Louisiana State Tigers
68.6%
Auburn Tigers
67.5%
Alabama Crimson Tide
67%
Louisiana State Tigers
66%
Louisiana State Tigers
66%
Tennessee Volunteers and Georgia Tech Yellow Jackets
65.4%
Alabama Crimson Tide
64.4%
Georgia Bulldogs
64.4%
Georgia Tech Yellow Jackets-Tennessee Volunteers-Tulane Green Wave
63.9%
Tennessee Volunteers
63.4%
Georgia Bulldogs and Tennessee Volunteers
63.4%
Tennessee Volunteers
62.8%
Alabama Crimson Tide
62.3%
Tennessee Volunteers
60.7%
Georgia Tech Yellow Jackets
60.2%
Georgia Bulldogs
59.7%
Georgia Tech Yellow Jackets
59.7%
Georgia Tech Yellow Jackets
59.7%
Mississippi Rebels
59.2%
Kentucky Wildcats
58.6%
Georgia Bulldogs
58.1%
Mississippi Rebels
57.6%
Mississippi Rebels
57.1%
Mississippi State Bulldogs
52.4%
Tulane Green Wave
51.3%

You're not logged in!

Compare scores with friends on all Sporcle quizzes.
OR
Log In

Sporcle TV

Today on Sporcle TV


Watch our educational content, quiz creation guides, and fun videos on Sporcle TV.

Show Comments

Extras

Top Quizzes Today


Score Distribution

Paid Content

Your Account Isn't Verified!

In order to create a playlist on Sporcle, you need to verify the email address you used during registration. Go to your Sporcle Settings to finish the process.

Report this User

Report this user for behavior that violates our Community Guidelines.

Details: